000
00304nam a22001217a 4500
008
230619b xxu||||| |||| 00| 0 eng d
082
_a
301.34
_b
BAT
100
_c
T.R Batten
245
_a
Communities and their Development
260
_a
London
_b
Oxford University Press
300
_a
248p
942
_2
ddc
_c
BK
999
_c
1246
_d
1246